| 000 | 00455pab a2200181 454500 | ||
|---|---|---|---|
| 008 | 180718b1996 xxu||||| |||| 00| 0 eng d | ||
| 100 | _aJeyapaul, C. | ||
| 245 | _aNutritional support to primary education | ||
| 260 | _c1996 | ||
| 300 | _ap.81-85,89 | ||
| 362 | _aJan | ||
| 650 | _aNutrition - India | ||
| 650 | _aEducation, Elementary - India | ||
| 650 | _aEducation, Primary - India | ||
| 650 | _aEducation | ||
| 773 | _aYojana | ||
| 909 | _a30364 | ||
| 999 |
_c30364 _d30364 |
||